Licitação pública e contrato administrativo / (Record no. 198)
[ view plain ]
| 000 -LÍDER | |
|---|---|
| Campo Fixo de Controle | 00966cam a2200289 a 4500 |
| 001 - NÚMERO DE CONTROLE | |
| Campo de Controle | 198 |
| 003 - IDENTIFICAÇÃO DO NÚMERO DE CONTROLE | |
| Campo de Controle | BR-CuiBMT |
| 005 - DATA E HORA DA ÚLTIMA ATUALIZAÇÃO | |
| Campo de Controle | 20231114122915.0 |
| 008 - DADOS FIXOS | |
| Dados Fixos | 230828s2022 mgb 000 0 por d |
| 020 ## - INTERNATIONAL STANDARD BOOK NUMBER | |
| Nº do ISBN | 9786555183306 |
| 040 ## - AGÊNCIA CATALOGADORA | |
| Código da Agência Catalogadora | BR-CuiBMT |
| Agência que transcreveu o registro | BR-CuiBMT |
| 080 ## - Nº DA CLASSIFICAÇÃO DECIMAL UNIVERSAL | |
| Nº edição CDU | 2007 |
| Nº Class. CDU | 351.712.2.02 |
| 090 ## - NÚMERO DE CHAMADA | |
| Nº classificação | 351.712.2.02 |
| Cutter | N665l |
| Ano/Edição | 5. ed. |
| 100 1# - ENTRADA PRINCIPAL -- AUTOR PESSOAL | |
| Nome pessoal | Niebuhr, Joel de Menezes |
| 245 10 - TÍTULO PRINCIPAL | |
| Título principal | Licitação pública e contrato administrativo / |
| Indicação de responsabilidade | Joel de Menezes Niebuhr. |
| 250 ## - EDIÇÃO | |
| Edição | 5. ed., rev. e ampl. |
| 260 ## - PUBLICAÇÃO, DISTRIBUIÇÃO, ETC. | |
| Local de publicação | Belo Horizonte : |
| Editora | Fórum, |
| Data | c2022. |
| 300 ## - DESCRIÇÃO FÍSICA | |
| N. páginas ou volumes | 1247 p. ; |
| Dimensões | 24 cm |
| 490 1# - INDICAÇÃO DE SÉRIE | |
| Título da série | Coleção Fórum Menezes Niebuhr |
| 504 ## - NOTA DE BIBLIOGRAFIA, ETC. | |
| Nota de bibliografia | Inclui bibliografia. |
| 590 ## - NOTA LOCAL | |
| Nota local | A Biblioteca possui a 1. reimpr. 2023. |
| 650 ## - ASSUNTO TÓPICO | |
| Cabeçalho tópico ou nome geográfico | Contrato administrativo |
| Subdivisão geral | Aspectos jurídicos |
| Subdivisão geográfica | Brasil |
| 650 ## - ASSUNTO TÓPICO | |
| Cabeçalho tópico ou nome geográfico | Licitação |
| Subdivisão geral | Aspectos jurídicos |
| Subdivisão geográfica | Brasil |
| 650 ## - ASSUNTO TÓPICO | |
| Cabeçalho tópico ou nome geográfico | Administração pública |
| Subdivisão geral | Contratações públicas |
| 830 #0 - ENTRADA SECUNDÁRIA DE SÉRIE -- TÍTULO UNIFORME | |
| Título uniforme | Fórum Menezes Niebuhr |
| 942 ## - ELEMENTOS DE ENTRADA ADICIONAIS (KOHA) | |
| Fonte de classificação ou esquema de arquivamento | Classificação Decimal Universal |
| Tipo de item do Koha | Livros |
| Estado: removido | Estado: perdido | Fonte de classificação ou esquema de arquivamento | Estado: danificado | Indisponível para empréstimo | Localização permanente | Localização atual | Data de aquisição | Total Checkouts | Número de Chamada completo | Código de barras | Date last seen | Número do exemplar | Preço efetivo a partir de | Tipo de item (Koha) | Nota pública |
|---|---|---|---|---|---|---|---|---|---|---|---|---|---|---|---|
| Classificação Decimal Universal | Biblioteca da Escola Superior de Contas do TCE/MT | Biblioteca da Escola Superior de Contas do TCE/MT | 28/06/2023 | 351.712.2.02 N665l 5. ed. | BIBTCEMT23080175 | 28/08/2023 | Ex. 1 | 28/08/2023 | Livros | 1. reimpr. 2023 | |||||
| Classificação Decimal Universal | Biblioteca da Escola Superior de Contas do TCE/MT | Biblioteca da Escola Superior de Contas do TCE/MT | 16/11/2023 | 351.712.2.02 N665l 5. ed. | BIBTCEMT23110643 | 16/11/2023 | Ex. 2 | 16/11/2023 | Livros | ||||||
| Classificação Decimal Universal | Biblioteca da Escola Superior de Contas do TCE/MT | Biblioteca da Escola Superior de Contas do TCE/MT | 16/11/2023 | 351.712.2.02 N665l 5. ed. | BIBTCEMT23110644 | 16/11/2023 | Ex. 3 | 16/11/2023 | Livros | ||||||
| Classificação Decimal Universal | Biblioteca da Escola Superior de Contas do TCE/MT | Biblioteca da Escola Superior de Contas do TCE/MT | 16/11/2023 | 351.712.2.02 N665l 5. ed. | BIBTCEMT23110645 | 16/11/2023 | Ex. 4 | 16/11/2023 | Livros | ||||||
| Classificação Decimal Universal | Biblioteca da Escola Superior de Contas do TCE/MT | Biblioteca da Escola Superior de Contas do TCE/MT | 16/11/2023 | 351.712.2.02 N665l 5. ed. | BIBTCEMT23110646 | 16/11/2023 | Ex. 5 | 16/11/2023 | Livros |